000 00962cam a2200253 4500
001 L159556
008 170907n2017 000 0 eng u
020 _a9782884320788
035 _a(Sirsi) u159556
041 0 _aeng
050 _a624.08
_c18
110 _aFederation Internationale des Ingenieurs-Conseils
_9764
245 _aClient/Consultant Model Services Agreement
250 _a5th ed
260 _aLausanne
_bFIDIC
_c2017
300 _a24p.
_c30cm.
520 _aSuitable for general use for the purposes of pre-investment and feasibility studies, detail design and administration of construction and project management both for employer-led and contractor-led design on design and build projects. The agreement is suitable for international and well as domestic projects.
590 _aNTK
650 _aENGINEERING CONTRACTS
650 _aINTERNATIONAL CONTRACTS
651 4 _aInternational
690 _aContracts
_96232
942 _n0
999 _c115996
_d115996